000 00280nam a2200109Ia 4500
008 200302s9999 xx 000 0 und d
100 _aAndrea Bettella
245 _aArchitectureal MOPnographs Miguel Angel Roca
260 _bAcademy Group Ltd.
260 _c1994
300 _a144 P.,
999 _c2440
_d2440